Country Flags During WW1 - Statistics

General Stats
  • This quiz has been taken 69 times
  • The average score is 14 of 16
Answer Stats
Picture Answer % Correct
British Empire
96%
German Empire
96%
Italian Empire
96%
Russian Empire
96%
Portugal
94%
Korea
93%
United States
93%
Austria-Hungary
91%
Bulgaria
87%
Serbia
87%
Ottoman Empire
85%
Albania
83%
Canada
80%
Greece
78%
Montenegro
70%
China
67%
No matching quizzes found
Score Distribution
Percent of People with Each Score
Percentile by Number Answered
Your Score History
You have not taken this quiz